| 000 | 00798cam a22002175a 4500 | ||
|---|---|---|---|
| 001 | L156053 | ||
| 008 | 120426s1841 xxk f 000 0 eng d | ||
| 035 | _a(Sirsi) u156053 | ||
| 041 | 0 | _aeng | |
| 245 | 0 | 0 |
_aArchitectural precedents _bconsisting of plans, elevations, sections and details ... ; accompanied by section I of an essay on architectural practice by T. L. Walker |
| 250 | _a3rd ed. | ||
| 260 |
_aLondon _bLibrary of Fine Arts _c1841 |
||
| 300 |
_a1 v. (various pagings) _bill. _c24 cm. |
||
| 520 | _aPrevious editions attributed to Christopher Davy. | ||
| 583 |
_aCondition reviewed _c20120620 _lcondition level 4 |
||
| 651 | 4 |
_aGreat Britain _y1707- |
|
| 690 | _aDesign and specification | ||
| 700 | 1 |
_aWalker, T. L. _q(Thomas Larkin) |
|
| 700 | 1 | _aDavy, Christopher | |
| 942 | _n0 | ||
| 999 |
_c114007 _d114007 |
||